[Event "20th Amber Rapid"]
[Site "Monaco MNC"]
[Date "2011.03.24"]
[Round "11"]
[White "Grischuk, Alexander"]
[Black "Gashimov, Vugar"]
[Result "1/2-1/2"]
[WhiteTitle "GM"]
[BlackTitle "GM"]
[WhiteElo "2747"]
[BlackElo "2746"]
[WhiteFideId "4126025"]
[BlackFideId "13400630"]
[EventDate "2011.03.12"]

1. d4 Nf6 2. c4 c5 3. Nf3 cxd4 4. Nxd4 Nc6 5. g3 d6 6. Bg2 Bd7 7. Nc3 g6 8. Nxc6
Bxc6 9. e4 Bg7 10. O-O Nd7 11. Nd5 O-O 12. Qe2 a5 13. Bg5 Re8 14. Rac1 a4 15.
Rfd1 h6 16. Be3 Qb8 17. Qd2 Kh7 18. Qb4 b6 19. Bd4 Bf8 20. Qd2 Qb7 21. Re1 Rac8
22. Nb4 Nc5 23. Nxc6 Qxc6 24. Qf4 Kg8 25. e5 Qd7 26. Qe3 Bg7 27. Rcd1 Ne6 28.
Bxb6 Rxc4 29. b3 axb3 30. axb3 Rb4 31. exd6 Rb8 32. Ba7 Rxb3 33. Bxb8 Rxe3 34.
Rxe3 exd6 35. Red3 Bf8 36. Bxd6 Bxd6 37. Rxd6 Qa4 38. h4 Kg7 39. Bh3 Nc5 40.
R6d4 Qc2 41. Bg2 Ne6 42. R4d2 Qa4 43. Bd5 Nf8 44. Rd4 Qc2 45. Kg2 g5 46. R1d2
Qc1 47. hxg5 hxg5 48. R2d3 Ng6 49. Re3 Qc5 50. Rd2 Ne7 51. Bf3 Nf5 52. Re4 Ne7
53. Rd7 Ng6 54. Re3 g4 55. Bd5 Kh6 56. Bxf7 Qc6+ 57. Rd5 Kg7 58. Bxg6 Qxd5+ 59.
Be4 Qd4 60. Bd3 Qd5+ 61. Kg1 Qc5 62. Re4 Qc1+ 63. Bf1 Qd1 64. Rf4 Kg6 65. Kg2
Kg5 66. Bc4 Qe1 67. Bd3 Qe6 68. Be4 Qd7 69. Bf5 Qd5+ 70. Kh2 Qd6 71. Kg2 Qd5+
72. Kg1 Qd1+ 73. Kh2 Qd6 74. Bc8 Qc5 75. Bxg4 Qc7 76. Bf3 Qh7+ 77. Kg2 Qc7 78.
Be4 Qd7 79. Rh4 Qd2 80. Rh7 Qe2 81. Bf3 Qd2 82. Rf7 Kg6 83. Rb7 Kf6 84. Rb5 Qc2
85. Rb6+ Kg5 86. Re6 Qa2 87. Re2 Qc4 88. Re5+ Kf6 89. Re4 Qc2 90. Re3 Kg5 91.
Be4 Qd2 92. Bd3 Kf6 93. Be2 Qd5+ 94. Kg1 Qd2 95. Rf3+ Kg7 96. Bd3 Qc1+ 97. Kh2
Qh6+ 98. Kg1 Qc1+ 99. Bf1 Kg6 100. Rf4 Kg7 101. Kg2 Qc6+ 102. Kh2 Qh6+ 103. Kg1
Qd6 104. Bc4 Qd1+ 105. Kg2 Qd2 106. Be6 Qd6 107. Re4 Qd2 108. g4 Kf6 109. Bf5
Qd5 110. Kg3 Qd6+ 111. f4 Qd1 112. Re6+ Kf7 113. Kh4 Kg7 114. Rg6+ Kf7 115. Rh6
Kg7 116. Kg5 Qd8+ 117. Kh5 Qd2 118. Rg6+ Kf7 119. Be6+ Ke7 120. Kg5 Qc1 121. Bf5
Qd2 122. Rh6 Kf7 123. Rh7+ Kf8 124. Rd7 Qc1 125. Kf6 Qc3+ 126. Kg6 Qc4 127. Kg5
Qc5 128. Rh7 Kg8 129. Rd7 Kf8 130. Kg6 Qc4 131. g5 Qxf4 132. Rf7+ Kg8 133. Rf6
Qb4 134. Bd7 Qe4+ 135. Bf5 Qe7 136. Be6+ Kh8 137. Kh5 Qh7+ 138. Rh6 Qxh6+ 139.
gxh6 Kh7 1/2-1/2

[Event "20th Amber Rapid"]
[Site "Monaco MNC"]
[Date "2011.03.24"]
[Round "11"]
[White "Anand, Viswanathan"]
[Black "Giri, Anish"]
[Result "1-0"]
[WhiteTitle "GM"]
[BlackTitle "GM"]
[WhiteElo "2817"]
[BlackElo "2690"]
[WhiteFideId "5000017"]
[BlackFideId "24116068"]
[EventDate "2011.03.12"]

1. e4 e5 2. Nf3 Nf6 3. Nxe5 d6 4. Nf3 Nxe4 5. d4 d5 6. Bd3 Be7 7. O-O Nc6 8. c4
Nb4 9. Re1 Nxd3 10. Qxd3 c6 11. cxd5 cxd5 12. Qb5+ Qd7 13. Qb3 O-O 14. Nc3 Nxc3
15. bxc3 Re8 16. Ba3 Bxa3 17. Qxa3 b6 18. Rab1 Qd8 19. Rxe8+ Qxe8 20. Rxb6 Bg4
21. Rb7 Bxf3 22. gxf3 h6 23. Rxa7 Rxa7 24. Qxa7 Qc8 25. Kg2 Qc6 26. Qb8+ Kh7 27.
Qb1+ Kg8 28. Qf5 Qc4 29. a4 Qxa4 30. Qxd5 Qa6 31. Qe4 Qc4 32. d5 Qxc3 33. Qe8+
Kh7 34. Qxf7 Qe5 35. h4 h5 36. Qe6 Qxe6 37. dxe6 Kg6 38. f4 1-0

[Event "20th Amber Rapid"]
[Site "Monaco MNC"]
[Date "2011.03.24"]
[Round "11"]
[White "Karjakin, Sergey"]
[Black "Aronian, Levon"]
[Result "1/2-1/2"]
[WhiteTitle "GM"]
[BlackTitle "GM"]
[WhiteElo "2776"]
[BlackElo "2808"]
[WhiteFideId "14109603"]
[BlackFideId "13300474"]
[EventDate "2011.03.12"]

1. e4 e5 2. Nf3 Nc6 3. Bb5 a6 4. Ba4 Nge7 5. c3 g6 6. d4 exd4 7. cxd4 b5 8. Bc2
d5 9. e5 Bg7 10. Nbd2 O-O 11. h3 f6 12. exf6 Rxf6 13. O-O Qf8 14. Re1 h6 15. Re3
Nf5 16. Rd3 Nd6 17. Ne5 Nb4 18. Rf3 Nxc2 19. Qxc2 Bf5 20. Qc5 Nf7 21. Qxc7 Nxe5
22. dxe5 Rf7 23. Qc6 Qd8 24. Rxf5 Rxf5 25. Qxg6 Qf8 26. Nf3 Qf7 27. Qd6 Re8 28.
Bxh6 Re6 29. Qd8+ Re8 30. Qd6 Re6 31. Qd8+ 1/2-1/2